[Event "12th Izmir Open"]
[Site "Izmir TUR"]
[Date "2013.09.05"]
[Round "6.14"]
[White "Yalcin,Ozgun"]
[Black "Darban,M"]
[Result "0-1"]
[WhiteElo "1915"]
[BlackElo "2358"]

1.c4 e5 2.g3 Nc6 3.Bg2 d6 4.Nc3 Be6 5.d3 Qd7 6.e3 Nge7 7.Nd5 Nd8 8.b3 c6
9.Nxe7 Bxe7 10.Bb2 f6 11.d4 Bg4 12.Bf3 Bxf3 13.Qxf3 Nf7 14.O-O-O a6 15.h4 exd4
16.Rxd4 O-O 17.Nh3 b5 18.Qd1 Ne5 19.f4 Ng4 20.Qf3 bxc4 21.Rxc4 d5 22.Rc2 f5
23.Nf2 Nxf2 24.Qxf2 a5 25.Kb1 a4 26.Rhc1 axb3 27.Rxc6 Rxa2 28.Rb6 Qa4 29.Qd2  0-1

[Event "TCh-ROU w 2013"]
[Site "Mamaia ROU"]
[Date "2013.09.06"]
[Round "7.4"]
[White "Lolici,I"]
[Black "Padurariu,I"]
[Result "1/2-1/2"]
[WhiteElo "1931"]
[BlackElo "2205"]

1.c4 e5 2.g3 Nf6 3.Bg2 c6 4.d4 Bb4+ 5.Bd2 Bxd2+ 6.Qxd2 d6 7.dxe5 dxe5 8.Qxd8+ Kxd8
9.Nc3 Be6 10.b3 Nbd7 11.Nf3 h6 12.Nd2 Ke7 13.O-O Rhd8 14.f4 Nc5 15.fxe5 Ng4
16.Nf3 Nd7 17.Ne4 Ndxe5 18.h3 Nxf3+ 19.exf3 Ne3 20.Rf2 Nxg2 21.Kxg2 b6 22.f4 f5
23.Nd2 b5 24.Re2 Kf6 25.Rae1 Bf7 26.g4 g6 27.cxb5 cxb5 28.Nf3 b4 29.Re5 fxg4
30.hxg4 Rac8 31.R1e2 Rc7 32.Nd2 Kg7 33.Ne4 Rd5 34.Kg3 Rd3+ 35.Kf2 Bd5 36.f5 gxf5
37.gxf5 Rf7 38.Nd6 Rf8 39.Ne8+ Kh8 40.f6 Bc6 41.Re6 Rf3+ 42.Ke1 Bxe8 43.Rxe8 Rxf6
44.Rxf8+ Rxf8 45.Re7 a5 46.Re5 Ra8 47.Rb5 Kg7 48.Kf2 Ra6 49.Kg3 Kg6  1/2-1/2

[Event "10th LGA Premium Cup GpC"]
[Site "Nuernberg GER"]
[Date "2013.09.06"]
[Round "2.4"]
[White "Troyke,C"]
[Black "Hirn,O"]
[Result "1-0"]
[WhiteElo "2319"]
[BlackElo "2218"]

1.g3 e5 2.c4 Nf6 3.Bg2 Bc5 4.Nc3 Nc6 5.e3 O-O 6.Nge2 Re8 7.O-O Bf8 8.d4 d6
9.d5 Ne7 10.e4 Nd7 11.Be3 f5 12.f3 Nf6 13.Qd3 c5 14.Kh1 h6 15.Rae1 g5 16.f4 gxf4
17.gxf4 Ng4 18.Bd2 Ng6 19.exf5 Qh4 20.Qg3 Bxf5 21.h3 e4 22.Qxh4 Nxh4 23.hxg4 Bxg4
24.Bxe4  1-0

[Event "ch-POR 2013"]
[Site "Lisbon POR"]
[Date "2013.09.07"]
[Round "6.5"]
[White "Rego,P"]
[Black "Silva,Luis"]
[Result "1/2-1/2"]
[WhiteElo "2229"]
[BlackElo "2281"]

1.c4 e5 2.g3 Nf6 3.Bg2 c6 4.d4 e4 5.Nc3 d5 6.cxd5 cxd5 7.f3 Bb4 8.Bg5 exf3
9.Nxf3 Nbd7 10.O-O Bxc3 11.bxc3 h6 12.Bxf6 Nxf6 13.Ne5 O-O 14.Rb1 Qa5 15.Qd2 Re8
16.Rf4 Re6 17.Rb2 Rb6 18.c4 Qxd2 19.Rxd2 Rb1+ 20.Rf1 Rxf1+ 21.Kxf1 Be6 22.c5 b6
23.cxb6 axb6 24.Rb2 Kf8 25.Rxb6 Rxa2 26.Rb8+ Ke7 27.Rb7+ Ke8 28.Rb8+ Ke7
29.Rb7+ Kd6 30.Bf3 Nd7 31.Nxd7 Bxd7 32.Bxd5 Bh3+ 33.Bg2 Bxg2+ 34.Kxg2 Rxe2+
35.Kf3 Rxh2 36.Rxf7 g5 37.Ke4 Ke6 38.Ra7  1/2-1/2

[Event "TCh-SUI 2013"]
[Site "Switzerland SUI"]
[Date "2013.09.07"]
[Round "6.8"]
[White "Camponovo,D"]
[Black "Gloor,R"]
[Result "0-1"]
[WhiteElo "1946"]
[BlackElo "2340"]

1.c4 e5 2.g3 Nf6 3.Bg2 h6 4.Nc3 Bb4 5.a3 Bxc3 6.bxc3 O-O 7.Nf3 e4 8.Nd4 c5
9.Nc2 d6 10.Ne3 Nc6 11.O-O Be6 12.Qc2 Re8 13.Rd1 Na5 14.d3 exd3 15.exd3 Rc8
16.Rb1 b6 17.Qe2 d5 18.cxd5 Nxd5 19.Bd2 Nxe3 20.fxe3 c4 21.d4 Bf5 22.Rb5 Bd3
23.Qg4 Nb3 24.Rd5 Qf6 25.Be1 Rcd8 26.Bf2 Qe7 27.a4 Qa3 28.Rxd8 Rxd8 29.Bc6 Qb2
30.Qh4 Rd6 31.Qe7 Rf6 32.Qe8+ Kh7 33.Be4+ g6 34.Kh1 Bxe4+ 35.Qxe4 Rxf2 36.Qh4 Qe2  0-1

[Event "TCh-SUI 2013"]
[Site "Switzerland SUI"]
[Date "2013.09.07"]
[Round "6.6"]
[White "Schiendorfer,F"]
[Black "Landenbergue,C"]
[Result "0-1"]
[WhiteElo "2180"]
[BlackElo "2395"]

1.c4 e5 2.g3 Nf6 3.Bg2 c6 4.d4 Bb4+ 5.Bd2 Bxd2+ 6.Qxd2 d6 7.e3 Be6 8.b3 exd4
9.Qxd4 d5 10.cxd5 Bxd5 11.Nf3 Nbd7 12.Nc3 Bxf3 13.Bxf3 Qe7 14.O-O O-O 15.Rfd1 Ne5
16.Bg2 Rfd8 17.Qf4 a5 18.Ne2 g6 19.Qh4 Kg7 20.Rd4 c5 21.Rdd1 Rxd1+ 22.Rxd1 Rd8
23.Rxd8 Qxd8 24.Qf4 Qd1+ 25.Bf1 Qa1 26.h3 b5 27.g4 Nd3 28.Qf3 Qxa2 29.g5 Nd7
30.Qd5 N7e5 31.f4 Qd2 32.fxe5 Qxe3+ 33.Kh2 Nxe5 34.Qg2 a4 35.bxa4 bxa4 36.Ng1 a3
37.Qa2 Qc1 38.Qf2 Qb2 39.Be2 Ng4+ 40.hxg4 a2 41.Qxc5 a1=Q 42.Qf2 Qe5+ 43.Kg2 Qxg5
44.Nh3 Qd5+ 45.Bf3 Qdd4 46.Qg3 Qab2+ 47.Nf2 Qbd2 48.Kh1 Q4f4 49.Qh3 Qc1+
50.Kg2 Qe1 51.Qh4 Qee3 52.Qh3 h6 53.Nd1 Qd2+ 54.Nf2 f5 55.gxf5 Qxf5 56.Qh1 h5
57.Qa1+ Kh7 58.Qa7+ Kh6 59.Qb8 Qd4 60.Qe8 Qc3 61.Qe2 Qg5+ 62.Kf1 Qge3 63.Bxh5 gxh5
64.Qa6+ Kh7 65.Qb7+ Qg7 66.Qb1+ Kh6 67.Qc2 Qf6 68.Qa2 Qd3+  0-1

[Event "ch-POR 2013"]
[Site "Lisbon POR"]
[Date "2013.09.08"]
[Round "8.4"]
[White "Rego,P"]
[Black "Santos,H"]
[Result "1/2-1/2"]
[WhiteElo "2229"]
[BlackElo "2235"]

1.c4 e5 2.g3 Nc6 3.Bg2 g6 4.Nc3 Bg7 5.d3 d6 6.e4 f5 7.Nge2 Nh6 8.O-O O-O
9.f3 g5 10.exf5 Nxf5 11.Nd5 h6 12.Be3 Nxe3 13.Nxe3 Nd4 14.Nc2 c6 15.Nexd4 exd4
16.Qd2 Bf5 17.Rae1 Qd7 18.b4 Rae8 19.a4 d5 20.c5 a5 21.bxa5 Ra8 22.Rb1 Qe7
23.Rfe1 Qxc5 24.Rxb7 Rxa5 25.Nb4 Rxa4 26.Rc1 Qa5 27.Rxc6 Rf7 28.Rb8+ Rf8
29.Rb7 Rf7 30.Rb8+ Rf8  1/2-1/2

[Event "TCh-SUI 2013"]
[Site "Switzerland SUI"]
[Date "2013.09.08"]
[Round "7.6"]
[White "Landenbergue,C"]
[Black "Friedrich,N"]
[Result "1/2-1/2"]
[WhiteElo "2395"]
[BlackElo "2312"]

1.c4 e5 2.g3 Nf6 3.Bg2 d5 4.cxd5 Nxd5 5.Nc3 Nb6 6.Nf3 Nc6 7.d3 Be7 8.O-O O-O
9.Be3 Be6 10.Rc1 Nd5 11.Nxd5 Bxd5 12.Qa4 Re8 13.Rc3 Bf6 14.Rc5 Ne7 15.g4 Ng6
16.Rfc1 c6 17.h3 e4 18.dxe4 Rxe4 19.Qc2 Qe8 20.Ra5 h6 21.Ra3 Nf4 22.Bxf4 Rxf4
23.Re3 Re4 24.Rxe4 Bxe4 25.Qb3 Qe7 26.e3 Rd8 27.Nd4 Bxg2 28.Kxg2 Bxd4 29.exd4 Qe4+
30.Kg1 Rd7 31.Rd1 Qd5 32.Qxd5 Rxd5 33.Kf1 c5 34.Ke2 cxd4 35.Kd3 Kf8 36.Rc1 Rd7
37.Rc4 Ke7 38.Ra4  1/2-1/2

[Event "TCh-CRO Ia Liga 2013"]
[Site "Bol CRO"]
[Date "2013.09.14"]
[Round "2.5"]
[White "Sertic,Ru"]
[Black "Segovic,G"]
[Result "1/2-1/2"]
[WhiteElo "2365"]
[BlackElo "2191"]

1.c4 e5 2.g3 Nf6 3.Bg2 Nc6 4.Nc3 Bc5 5.Nf3 d6 6.O-O O-O 7.d3 h6 8.a3 a5 9.Rb1 Be6
10.Nd2 Qd7 11.Nd5 Nh7 12.b4 axb4 13.axb4 Ba7 14.b5 Nd8 15.Re1 Ng5 16.Ne4 Nxe4
17.Bxe4 c6 18.bxc6 bxc6 19.Nb6 Bxb6 20.Rxb6 d5 21.cxd5 cxd5 22.Bg2 Nc6 23.e3 Rfb8
24.Rxb8+ Rxb8 25.f4 Qa7 26.Kh1 Qa2 27.e4 dxe4 28.dxe4 Rb1 29.Qd2 Qa1 30.Rg1 Nd4
31.f5 Bc4 32.f6 gxf6 33.Qxh6 Ne2 34.Qxf6 Rxc1 35.Qg5+  1/2-1/2

[Event "Lake Sevan 2013"]
[Site "Martuni ARM"]
[Date "2013.09.14"]
[Round "7.5"]
[White "Swiercz,D"]
[Black "Pashikian,A"]
[Result "1/2-1/2"]
[WhiteElo "2654"]
[BlackElo "2609"]

1.c4 e5 2.g3 Nf6 3.Bg2 d5 4.cxd5 Nxd5 5.Nc3 Nb6 6.e3 Nc6 7.Nge2 Bd6 8.O-O O-O
9.f4 f5 10.fxe5 Nxe5 11.Nf4 Qe8 12.a4 c6 13.a5 Nbd7 14.d4 Ng6 15.d5 Nxf4
16.exf4 Nf6 17.dxc6 Bc5+ 18.Kh1 bxc6 19.b4 Be7 20.b5 Bd7 21.Re1 Ng4 22.Ra2 Rd8
23.h3 Be6 24.Qe2 Bxa2 25.Qxa2+ Qf7 26.Qxf7+ Kxf7 27.hxg4 Bb4 28.Re3 Rfe8
29.Bxc6 Rxe3 30.Bxe3 Bxc3 31.a6 Bd4 32.Bxd4 Rxd4 33.b6 axb6 34.a7 Rd1+ 35.Kg2 Ra1
36.a8=Q Rxa8 37.Bxa8 fxg4 38.Kf2 b5 39.Be4 h5 40.Ke3 Kf6 41.Kd4 g5 42.fxg5+ Kxg5
43.Kc5 h4 44.gxh4+ Kxh4 45.Bd5 g3 46.Kxb5 Kh3 47.Kc4 g2 48.Bxg2+ Kxg2  1/2-1/2

[Event "Mohamed Slama Mem 2013"]
[Site "Monastir TUN"]
[Date "2013.09.14"]
[Round "8.2"]
[White "Sarwat,W"]
[Black "Miladinovic,I"]
[Result "0-1"]
[WhiteElo "2314"]
[BlackElo "2572"]

1.c4 e5 2.g3 Nc6 3.Bg2 Bc5 4.Nc3 d6 5.Nf3 Nf6 6.d3 h6 7.a3 a6 8.e3 O-O 9.O-O Ba7
10.b4 Be6 11.Qe2 Qd7 12.Bb2 Bh3 13.Nd5 Nxd5 14.cxd5 Ne7 15.e4 Ng6 16.Bxh3 Qxh3
17.Rac1 f5 18.Rxc7 Qg4 19.exf5 Nh4 20.Nd4 Qxe2 21.Nxe2 Nf3+ 22.Kg2 Rxf5 23.Bc3 Raf8
24.Rxb7 Bxf2 25.Rd7 Be3 26.Kh1 Ng5 27.Nf4 Nf7 28.Rf3 exf4 29.gxf4 Bxf4 30.Ra7 g5
31.Rxa6 Rxd5 32.a4 Rc8 33.d4 Nd8 34.b5 Kf7 35.b6 Ke6 36.Ra7 Rb8 37.a5 Nc6
38.Rh7 Nxa5 39.Rxh6+ Kf5 40.h4 Ke4 41.Rf1 Nc4 42.hxg5 Bxg5 43.Re6+ Kd3 44.Rf3+ Be3
45.Bb4 Rxb6 46.Be1 Rb1 47.Rf1 Ke2 48.Rf2+ Kxe1 49.Rc2 Rxd4 50.Kg2 Rd2+  0-1

[Event "TCh-CRO 2a Liga 2013"]
[Site "Bol CRO"]
[Date "2013.09.15"]
[Round "2.4"]
[White "Malenica,M"]
[Black "Susak,Z"]
[Result "1/2-1/2"]
[WhiteElo "2221"]
[BlackElo "2187"]

1.c4 e5 2.g3 Nc6 3.Bg2 Bc5 4.Nc3 a6 5.e3 d6 6.Nge2 Nge7 7.O-O O-O 8.a3 Ba7
9.b4 Bf5 10.d3 Qd7 11.Re1 Bh3 12.Bh1 Nf5 13.Nd5 Nd8 14.d4 c6 15.Ndc3 Qc8
16.dxe5 dxe5 17.c5 Ne6 18.Qc2 Ne7 19.Bb2 Bb8 20.Rad1 Bc7 21.Ne4 Bf5 22.Qb3 Ng6
23.Rd2 Bxe4 24.Bxe4 Ng5 25.Nc3 Qg4 26.Bg2 Nh4 27.Qd1 Nhf3+ 28.Kh1 e4 29.Rd4 f5
30.Rd7 Be5 31.Qb3+ Kh8 32.Red1 Qh5 33.h4 Nxh4 34.gxh4 Qxh4+ 35.Kg1 Nh3+ 36.Bxh3 Qxh3
37.Nxe4 Qh2+ 38.Kf1 fxe4 39.R1d2 Qh1+ 40.Ke2 Qf3+ 41.Ke1 Qh1+ 42.Ke2  1/2-1/2

[Event "I Azuqueca Chess Classic 2013"]
[Site "Azuqueca de Henares ESP"]
[Date "2013.09.16"]
[Round "3.7"]
[White "De la Orden Alcocer,Alejandro"]
[Black "Taboas Rodriguez,D"]
[Result "0-1"]
[WhiteElo "1932"]
[BlackElo "2399"]

1.c4 e5 2.g3 Nf6 3.Bg2 c6 4.Nc3 d5 5.cxd5 cxd5 6.Qb3 Nc6 7.d3 d4 8.Nd5 Nxd5
9.Qxd5 Bb4+ 10.Kf1 Qe7 11.Qb5 O-O 12.Nf3 Bd7 13.Bg5 f6 14.Bd2 a6 15.Bxb4 Nxb4
16.Qa5 Rac8 17.Ne1 Be6 18.Bf3 Nc2 19.Nxc2 Rxc2 20.Qb6 Bh3+ 21.Ke1 Rc7 22.Kd2 f5
23.Bd5+ Kh8 24.Rhc1 Rfc8 25.Qxb7 f4 26.Rxc7 Rxc7 27.Qb3 Qc5 28.Bc4 Bd7 29.Qa3 Qxa3
30.bxa3 a5 31.Rb1 g5 32.Rb6 Kg7 33.Bd5 Rc5 34.Be4 Ba4 35.Rb7+ Kf6 36.Rb2 h6
37.Bh7 Rc3 38.Bg8 Rxa3 39.Rb6+ Kg7 40.Bc4 g4 41.f3 gxf3 42.exf3 fxg3 43.hxg3 Rc3
44.Bb3 Bc6 45.Bd1 a4 46.Rb4 Ra3 47.Rb2 Bd5 48.f4 Kf6 49.Rb6+ Kf5 50.fxe5 Rxa2+
51.Kc1 Ra1+ 52.Kd2 a3 53.g4+ Kxe5 54.Rxh6 a2  0-1

[Event "TCh-CRO Ia Liga 2013"]
[Site "Bol CRO"]
[Date "2013.09.17"]
[Round "4.5"]
[White "Sertic,Ru"]
[Black "Petrov,J"]
[Result "0-1"]
[WhiteElo "2365"]
[BlackElo "2416"]

1.c4 e5 2.g3 Nf6 3.Nc3 Nc6 4.Bg2 Bc5 5.Nf3 d6 6.d3 O-O 7.O-O a6 8.h3 Re8
9.e3 Ba7 10.d4 Bd7 11.d5 Ne7 12.Nd2 Rf8 13.b4 c6 14.Bb2 cxd5 15.cxd5 Rc8
16.Nb3 Rc4 17.a3 Qc8 18.Na5 Rxc3 19.Bxc3 Qxc3 20.Nxb7 Qc7 21.Na5 e4 22.Rc1 Qb6
23.Nc4 Qb8 24.Nd2 Bb5 25.Re1 Bd3 26.g4 h6 27.h4 g5 28.hxg5 hxg5 29.Nf1 Rc8
30.Ng3 Nexd5 31.Rxc8+ Qxc8 32.Bxe4 Bxe4 33.Nxe4 Nxe4 34.Qxd5 Qxg4+ 35.Kf1 Qf3  0-1

[Event "TCh-CRO w Liga 2013"]
[Site "Bol CRO"]
[Date "2013.09.20"]
[Round "7.2"]
[White "Franciskovic,B"]
[Black "Golubenko,Valen"]
[Result "1/2-1/2"]
[WhiteElo "2270"]
[BlackElo "2269"]

1.c4 e5 2.g3 g6 3.d4 Bg7 4.dxe5 Bxe5 5.Nf3 Bg7 6.Bg5 Ne7 7.Nc3 h6 8.Bf4 d6
9.Rc1 O-O 10.h4 Bg4 11.Bg2 Nbc6 12.O-O Ne5 13.Nxe5 dxe5 14.Be3 Qc8 15.Bc5 Re8
16.Nd5 Nxd5 17.cxd5 Qd7 18.Qc2 Qb5 19.Rfe1 Rac8 20.b3 Bd7 21.e4 b6 22.Be3 c6
23.Qd2 Bf8 24.Bf1 Qb4 25.Bxh6 Qxd2 26.Bxd2 Ba3 27.Rc4 b5 28.dxc6 Bxc6 29.Rxc6 Rxc6
30.Bxb5 Rd6 31.Bxe8 Rxd2 32.Re3 Kf8 33.Bc6 Rxa2 34.Bd5 Rc2 35.Rf3 Rc7 36.Bc4 Rd7
37.Kg2 Kg7 38.g4 Bc1 39.Bd5 Rc7 40.Bc4 Rd7 41.Bd5 Rc7 42.Rd3 Bb2 43.h5 Bc1
44.Bc4 Kh6 45.Rd1 Bf4 46.Rh1 Rd7 47.Bd5 Rc7 48.Bc4 Rd7 49.hxg6+ Kxg6 50.Bd5 Rc7
51.Bc4 Rd7 52.Kf3 Kg7 53.Bd5 Rc7 54.Bc4 Rd7 55.Ra1 Bg5 56.Ra6 Bd8 57.Bd5 Bb6
58.Ra1 Rc7 59.Bc4 Rc6 60.Ra2 Bd4 61.Kg3 Kf6 62.f3  1/2-1/2

[Event "TCh-NED Meesterklasse 2013-14"]
[Site "Netherland NED"]
[Date "2013.09.21"]
[Round "1.2"]
[White "Houben,Jaap"]
[Black "Kroeze,F"]
[Result "1/2-1/2"]
[WhiteElo "2279"]
[BlackElo "2405"]

1.c4 e5 2.g3 Nf6 3.Bg2 c6 4.d4 exd4 5.Qxd4 Na6 6.Nf3 Bc5 7.Qe5+ Be7 8.O-O O-O
9.Nc3 Re8 10.Qd4 d5 11.cxd5 Nxd5 12.Nxd5 cxd5 13.Rd1 Be6 14.Be3 h6 15.Qd2 Bb4
16.Qd3 Qd7 17.a3 Bf8 18.Rac1 Red8 19.b4 Bf5 20.Qb3 Be4 21.Ne1 Qb5 22.Rd2 Bxg2
23.Nxg2 Rd7 24.Nf4 Nc7 25.Bc5 Qa6 26.e3 Rad8 27.Bxf8 Kxf8 28.Rcd1 Qc6 29.Qc2 Qxc2
30.Rxc2 Ne6 31.Rcd2 Nxf4 32.gxf4 Ke7  1/2-1/2

[Event "XXI Vallfogona Rapid Open"]
[Site "Vallfogona de Balaguer ESP"]
[Date "2013.09.21"]
[Round "2.1"]
[White "Menac Comas,J"]
[Black "Lopez Martinez,Josep"]
[Result "0-1"]
[WhiteElo "2147"]
[BlackElo "2543"]

1.c4 e5 2.g3 Nc6 3.Bg2 Bc5 4.Nc3 d6 5.e3 a6 6.Nge2 Nge7 7.O-O O-O 8.a3 Ba7
9.b4 Be6 10.Nd5 Qd7 11.Bb2 Bg4 12.Nxe7+ Qxe7 13.h3 Be6 14.Rc1 Qd7 15.Kh2 d5
16.d4 exd4 17.exd4 Ne7 18.Nf4 c6 19.Re1 dxc4 20.d5 Nxd5 21.Nh5 f6 22.Qd2 c3
23.Bxc3 Nxc3 24.Qxc3 Bxf2 25.Red1 Qf7 26.Nf4 Rfe8 27.a4 Bb3 28.Rf1 Re3 29.Rxf2 Rxc3
30.Rxc3 Bxa4 31.Rd2 Bb5 32.Re3 Re8  0-1

[Event "TCh-BEL 2013-14"]
[Site "Belgium BEL"]
[Date "2013.09.22"]
[Round "1.6"]
[White "Gryson,W"]
[Black "Laurent,B"]
[Result "1/2-1/2"]
[WhiteElo "2287"]
[BlackElo "2369"]

1.c4 e5 2.g3 Nf6 3.Bg2 c6 4.Nf3 e4 5.Nd4 d5 6.cxd5 Qb6 7.Nb3 a5 8.d3 a4 9.Be3 Qb4+
10.Bd2 Qb6 11.Nc1 Qxb2 12.Bc3 Bb4 13.Bxb4 Qxb4+ 14.Qd2 Qd4 15.Qc3 Qxd5 16.dxe4 Qh5
17.e5 Ng4 18.Nd3 f6 19.Bf3 Qf7 20.Nd2 O-O 21.exf6 Nxf6 22.O-O Nbd7 23.Qd4 a3
24.Rfb1 Nd5 25.Rb3 Nc7 26.Rab1 Nf6 27.Ne5 Qe7 28.Re3 Rd8 29.Nxc6 bxc6 30.Rxe7 Rxd4
31.Rxc7 Bf5 32.e4 Rxd2 33.exf5 Rxa2 34.Bxc6 Rb2 35.Re1 Rab8 36.Ra7 a2 37.Kf1 h5
38.h3 Rd2 39.g4 hxg4 40.hxg4 Nxg4 41.Rxa2 Rxa2 42.Bd5+ Kf8 43.Bxa2 Rb2 44.Be6 Rxf2+
45.Kg1 Rb2 46.Ra1 Rb7 47.Kg2 Ke7 48.Ra6 Nh6 49.Kf3 Rb4 50.Rc6 Rd4 51.Bc8 Rd6
52.Rc7+ Kf6 53.Ke4 g6 54.fxg6 Kxg6 55.Rc1 Kf6 56.Rh1 Nf7 57.Rf1+  1/2-1/2

[Event "TCh-FIN SM 2013-14"]
[Site "Jyvaskyla FIN"]
[Date "2013.09.22"]
[Round "2.5"]
[White "Niemi,M"]
[Black "Linnanen,L"]
[Result "1-0"]
[WhiteElo "2237"]
[BlackElo "2159"]

1.c4 e5 2.g3 Nf6 3.Bg2 d5 4.cxd5 Nxd5 5.Nf3 Nc6 6.O-O Be7 7.d4 exd4 8.Nxd4 Nxd4
9.Qxd4 Nf6 10.Qa4+ Qd7 11.Qb3 c6 12.Nc3 Qe6 13.Qa4 O-O 14.e4 Rd8 15.Bf4 Bc5
16.Rad1 Bd7 17.Qc2 Bf8 18.e5 Ng4 19.Rfe1 Qg6 20.Qxg6 hxg6 21.h3 Nh6 22.Bg5 f6
23.exf6 Nf7 24.fxg7 Nxg5 25.gxf8=Q+ Kxf8 26.Kh2 Be8 27.f4 Nf7 28.Ne4 Rxd1
29.Rxd1 Rd8 30.Rxd8 Nxd8 31.Nd6 Bd7 32.Be4 Ke7 33.Nc4 Kf6 34.Bxg6  1-0

[Event "XXI Vallfogona Rapid Open"]
[Site "Vallfogona de Balaguer ESP"]
[Date "2013.09.22"]
[Round "7.4"]
[White "Gomez Jurado,L"]
[Black "Guerra Mendez,J"]
[Result "0-1"]
[WhiteElo "2316"]
[BlackElo "2519"]

1.c4 e5 2.g3 Nc6 3.Nc3 g6 4.Bg2 Bg7 5.e4 d6 6.Nge2 h5 7.h4 Be6 8.d3 Qd7 9.Nd5 Nce7
10.Be3 c6 11.Nxe7 Nxe7 12.Rc1 c5 13.Qd2 Nc6 14.O-O O-O 15.a3 a5 16.Nc3 Nd4
17.Bxd4 cxd4 18.Nd5 Ra6 19.f4 Bxd5 20.cxd5 Bh6 21.Rc4 Rb6 22.Rf2 Qg4 23.Qxa5 Rb3
24.Qd2 Qxg3 25.Qd1 Rxd3  0-1

[Event "XXI Vallfogona Rapid Open"]
[Site "Vallfogona de Balaguer ESP"]
[Date "2013.09.22"]
[Round "11.1"]
[White "Adel Lahchaichi,O"]
[Black "Mellado Trivino,J"]
[Result "1/2-1/2"]
[WhiteElo "2213"]
[BlackElo "2443"]

1.c4 e5 2.g3 d5 3.cxd5 Qxd5 4.Nf3 Bb4 5.a3 e4 6.axb4 exf3 7.exf3 Nc6 8.Ra3 Nge7
9.Bg2 Bf5 10.Nc3 Qe6+ 11.Ne4 O-O 12.O-O Nd4 13.d3 Rfd8 14.Be3 Nec6 15.Nc5 Qc8
16.Qd2 Bh3 17.Re1 Bxg2 18.Kxg2 Qf5 19.Bxd4 Nxd4 20.Re3 b6 21.Ne4 h5 22.h4 Qd5
23.Rc3 c6 24.Qc1 Rd7 25.Ra3 Rad8 26.Qd1 Nb5 27.Nc3 Qf5 28.Nxb5 Qxb5 29.Qe2 Kf8
30.Re4 g6 31.Rc4  1/2-1/2

[Event "TCh-NOR Club 2013"]
[Site "Fagernes NOR"]
[Date "2013.09.27"]
[Round "1.2"]
[White "Rishovd,Svein"]
[Black "Mikalsen,Harald"]
[Result "0-1"]
[WhiteElo "2029"]
[BlackElo "1862"]

1.c4 e5 2.g3 Nf6 3.Bg2 Be7 4.Nc3 O-O 5.Nf3 d6 6.O-O c5 7.d3 Nc6 8.a3 Bd7
9.Rb1 Qc8 10.b4 Re8 11.Ng5 Rb8 12.Bd2 h6 13.Nge4 Bh3 14.Nxf6+ Bxf6 15.Nd5 Bd8
16.e3 Ne7 17.Bxh3 Qxh3 18.Qa4 Bb6 19.Nxb6 axb6 20.bxc5 Ng6 21.f3 Ra8 22.Qb5 bxc5
23.a4 Re7 24.Rf2 Kh7 25.Qb3 f5 26.Qd1 f4 27.gxf4 exf4 28.e4 Rf7 29.Rb6 Ra6
30.Rxa6 bxa6 31.Bc3 Rb7 32.d4 Nh4 33.Qf1 Qxf1+ 34.Rxf1 Rb3 35.dxc5 dxc5 36.Be5 Nxf3+
37.Rxf3 Rxf3 38.Bd6 Rc3 39.e5 Rxc4 40.e6 Rxa4 41.Bxc5 Re4 42.e7 Kg8 43.Kf2 Kf7
44.Kf3 Rc4 45.Bd6 a5 46.h4 a4 47.Kg4 h5+ 48.Kf3 a3  0-1

[Event "UKR-POL Academic Teams"]
[Site "Lviv UKR"]
[Date "2013.09.27"]
[Round "3"]
[White "Kulon,K"]
[Black "Korniyuk,M"]
[Result "0-1"]
[WhiteElo "2267"]
[BlackElo "2136"]

1.c4 e5 2.g3 Nf6 3.Bg2 c6 4.d3 d5 5.cxd5 cxd5 6.Bg5 Be7 7.Bxf6 Bxf6 8.Qb3 Nc6
9.e3 O-O 10.Nc3 d4 11.Nd5 Qa5+ 12.Ke2 Bg5 13.e4 Be6 14.Nf3 Bh6 15.Rhd1 Rfd8
16.Nd2 Bxd2 17.Rxd2 Bxd5 18.exd5 Nb4 19.d6 Rab8 20.a3 Na6 21.Rc1 Rxd6 22.Qc4 b5
23.Qb3 g6 24.Rdc2 b4 25.a4 Kg7 26.Rc6 Rbd8 27.Rxd6 Rxd6 28.Rc8 Nc5 29.Qc4 Nxa4
30.Rb8 Rb6 31.Ra8 Qc5 32.Qb3 Nc3+ 33.bxc3 bxc3 34.Qd5 Rb2+ 35.Ke1 Rb1+ 36.Ke2 Qxd5
37.Bxd5 c2  0-1

[Event "TCh-NOR Club 2013"]
[Site "Fagernes NOR"]
[Date "2013.09.28"]
[Round "3.10"]
[White "Rishovd,Svein"]
[Black "Mikalsen,E"]
[Result "0-1"]
[WhiteElo "2029"]
[BlackElo "2145"]

1.c4 e5 2.g3 Nf6 3.Bg2 Bc5 4.d3 O-O 5.Nf3 Nc6 6.Nc3 d6 7.Bg5 h6 8.Bxf6 Qxf6
9.Nd5 Qd8 10.a3 a5 11.O-O Bd7 12.e3 a4 13.Nd2 Na5 14.Nc3 Qe8 15.Qc2 Ba7 16.Rae1 Rb8
17.Kh1 b5 18.cxb5 Bxb5 19.Nde4 Bc6 20.Nxa4 Bxa4 21.Qxc7 Bb6 22.Qxd6 Nb3 23.Nc3 Ba5
24.Nxa4 Qxa4 25.Re2 Qb5 26.f4 exf4 27.Rxf4 Rbd8 28.Qe7 Qxd3 29.Ref2 Rd7 30.Qe4 Qxe4
31.Bxe4 Bb6 32.Re2 Rd1+ 33.Kg2 Nc1 34.Rc2 Bxe3 35.Rf3 Rg1+ 36.Kh3 Bd4 37.Bd5 g5
38.Rf5 Nd3 39.Kg4 Bxb2 40.Kh5 Bg7 41.Rc7 Ne5 42.Re7 Ra1 43.Rfxe5 Bxe5 44.Rxe5 Kg7
45.Re3 Rd8 46.Bc6 Rc1 47.Bb5 Rb1 48.a4 Rb4 49.h3 Rdd4 50.g4 Re4 51.Rc3 Re5
52.Rf3 Rbe4 53.Bd7 Re3 54.Bc6 Rxf3 55.Bxf3 Re3 56.Bg2 Rg3 57.Bf1 Rg1 58.a5 Rxf1
59.a6 Rh1  0-1

[Event "UKR-POL Academic Teams"]
[Site "Lviv UKR"]
[Date "2013.09.28"]
[Round "5"]
[White "Kulon,K"]
[Black "Krasiuk,K"]
[Result "1-0"]
[WhiteElo "2267"]
[BlackElo "2170"]

1.c4 e5 2.g3 Nf6 3.Bg2 c6 4.e3 d5 5.cxd5 cxd5 6.d4 e4 7.Ne2 Nc6 8.a3 Be7
9.O-O O-O 10.h3 Na5 11.Nd2 Bd7 12.b4 Nc6 13.Nb3 Bd6 14.Bd2 h5 15.Nf4 g6 16.f3 g5
17.fxe4 gxf4 18.e5 Nxe5 19.dxe5 Bxe5 20.gxf4 Bxa1 21.Qxa1 Ne4 22.Be1 Qf6
23.Qd1 Bb5 24.Rf3 Bc6 25.Nc5 Kh7 26.Nxe4 dxe4 27.Rg3 Qh6 28.Rg5 Rad8 29.Qe2 Rd5
30.Bxe4+  1-0

[Event "TCh-BEL 2013-14"]
[Site "Belgium BEL"]
[Date "2013.09.29"]
[Round "2.4"]
[White "Schneider,Bernd1"]
[Black "Alienkin,A"]
[Result "1/2-1/2"]
[WhiteElo "2409"]
[BlackElo "2387"]

1.c4 e5 2.g3 Nf6 3.Bg2 c6 4.Nf3 e4 5.Nd4 d5 6.cxd5 Qb6 7.Nc2 cxd5 8.O-O Be7
9.d3 O-O 10.Be3 Qa6 11.Nc3 exd3 12.Qxd3 Qxd3 13.exd3 Rd8 14.Rfe1 Nc6 15.Nb5 Bf5
16.Ncd4 Nxd4 17.Bxd4 Kf8 18.Rad1 a6 19.Bxf6 Bxf6 20.Nc7 Rac8 21.Nxd5 Bxb2
22.Ne7 Rc5 23.Nxf5 Rxf5 24.Bxb7 Bd4 25.Re2 Rd6 26.Rc1 g6 27.Kg2 Rc5 28.Rxc5 Bxc5
29.Rc2 Bb4 30.Rc4 a5 31.d4 Ke7 32.Be4 Kd7 33.Bc2 Re6 34.Ba4+ Kd8 35.Rc2 Rd6
36.Bb3 Rxd4 37.Bxf7 Rd2 38.Rxd2+ Bxd2 39.f4 Ke7 40.Bg8 h6 41.Kf3 Kf6 42.Ke4 Be1  1/2-1/2

[Event "TCh-BEL 2013-14"]
[Site "Belgium BEL"]
[Date "2013.09.29"]
[Round "2.1"]
[White "Maenhout,T"]
[Black "Guliyev,N"]
[Result "0-1"]
[WhiteElo "2380"]
[BlackElo "2559"]

1.c4 e5 2.g3 Nf6 3.Bg2 Nc6 4.Nc3 Bc5 5.d3 h6 6.Nf3 O-O 7.O-O d6 8.a3 a6 9.Nd2 Be6
10.b4 Ba7 11.Nd5 Bxd5 12.cxd5 Ne7 13.Qb3 c6 14.dxc6 Nxc6 15.Bb2 d5 16.Rac1 Qd6
17.e3 Rac8 18.b5 axb5 19.Qxb5 Rc7 20.a4 Rfc8 21.Nf3 Kh7 22.Bh3 Re8 23.Ra1 Kg8
24.Ba3 Qd8 25.Rac1 e4 26.dxe4 Nxe4 27.Rc2 d4 28.Rd1 Ng5 29.Nxg5 hxg5 30.Bb2 Re5
31.Qf1 Ra5 32.exd4 Rxa4 33.d5 Nd4 34.Rxc7 Qxc7 35.Bxd4 Bxd4 36.Qb5 Qc2 37.Qe8+ Kh7
38.Qxf7 Bxf2+ 39.Kf1 Qxd1+ 40.Kg2 Qg1+ 41.Kf3 g4+  0-1

[Event "23rd EYCC Open U18 2013"]
[Site "Budva MNE"]
[Date "2013.09.29"]
[Round "1.18"]
[White "Karlsson,MiJ"]
[Black "Nasuta,G"]
[Result "0-1"]
[WhiteElo "2068"]
[BlackElo "2343"]

1.c4 e5 2.g3 Nf6 3.Bg2 d5 4.cxd5 Nxd5 5.Nf3 Nc6 6.O-O Nb6 7.b3 Be6 8.Bb2 f6
9.d4 e4 10.Ne1 f5 11.Nc2 Qd7 12.Nc3 O-O-O 13.e3 Nb4 14.Ne2 N4d5 15.Ba3 Bxa3
16.Nxa3 h5 17.Qd2 h4 18.Nf4 Nxf4 19.gxf4 h3 20.Bh1 g5 21.f3 gxf4 22.fxe4 Rhg8+
23.Kf2 fxe3+ 24.Qxe3 Qxd4 25.e5 Qh4+  0-1

[Event "23rd EYCC Open U16 2013"]
[Site "Budva MNE"]
[Date "2013.09.29"]
[Round "1.12"]
[White "Taylor,Adam C"]
[Black "Lamard,G"]
[Result "0-1"]
[WhiteElo "2034"]
[BlackElo "2305"]

1.c4 e5 2.g3 Nf6 3.Bg2 d5 4.cxd5 Nxd5 5.Nc3 Nb6 6.Nf3 Nc6 7.O-O Be7 8.a3 O-O
9.b4 Be6 10.d3 f6 11.Bb2 Qd7 12.Rc1 a5 13.b5 Nd4 14.Nxd4 exd4 15.Ne4 Qxb5
16.Bxd4 Bxa3 17.Rxc7 Nd5 18.Nc3 Nxc3 19.Bxc3 Rfb8 20.Qb1 Bb4 21.Re7 Qb6 22.Rc1 Kf8
23.Bxb4 axb4 24.Rxe6 Qxe6 25.Qxb4+ Qe7 26.Qxe7+ Kxe7 27.f4 Kd6 28.d4 Ra4
29.d5 Rba8 30.Rc3 Ra3 31.Rc4 f5 32.g4 g6 33.h4 R3a4 34.Rc3 Rxf4 35.Rb3 Ra2
36.gxf5 Rxe2 37.fxg6 Rg4 38.Kf1 Rgxg2 39.gxh7 Ref2+ 40.Ke1 Rf8 41.Rxb7 Kxd5
42.h5 Rh2 43.Rg7 Rb8 44.Rd7+ Ke6 45.h8=Q Rxh8 46.Rd3 Rb8  0-1

[Event "33rd Munich OIS Open 2013"]
[Site "Munich GER"]
[Date "2013.09.29"]
[Round "2.6"]
[White "Czap,B"]
[Black "Jorczik,J"]
[Result "0-1"]
[WhiteElo "2127"]
[BlackElo "2405"]

1.c4 e5 2.g3 Nc6 3.Nc3 Bc5 4.Bg2 a6 5.e3 d6 6.Nge2 Ba7 7.d4 exd4 8.exd4 Nge7
9.O-O O-O 10.h3 Re8 11.d5 Ne5 12.b3 Bf5 13.g4 Bd7 14.Bg5 h6 15.Bh4 f5 16.gxf5 Bxf5
17.Kh2 Qd7 18.f4 Nd3 19.Rf3 Ng6 20.Bg3 Re3 21.Rxe3 Bxe3 22.Qf1 Re8 23.Qf3 Ba7
24.Rd1 Re3 25.Qf1 Qe7 26.Rd2 Nh4 27.Nd1 Nxg2 28.Qxg2 Be4 29.Nxe3 Bxe3  0-1